Score 0/25 Timer 06:00
2 Plays Today
% Correct
The Simpsons
95.7%
Teenage Mutant Ninja Turtles
93.8%
Family Guy
92.8%
Star Trek
92.3%
The Flintstones
91.7%
My Little Pony
89.3%
South Park
88.2%
Golden Girls
87.5%
The Oprah Winfrey Show
87.1%
Beavis and Butthead
84.3%
The Muppet Show
82.1%
Alf
81.1%
Futurama
80.6%
% Correct
Lost
79%
Doctor Who
73.8%
The X-Files
73.7%
Game of Thrones
68.6%
Buffy the Vampire Slayer
66.5%
True Blood
64.2%
The Munsters
62.8%
Dexter
61.1%
Curb Your Enthusiasm
55.7%
Firefly
32.2%
Arrested Development
28.2%
Twin Peaks
15.3%
Remove Ads.
Support Sporcle.
Get the best of Sporcle when you Go Orange. This ad-free experience offers more features, more stats, and more fun while also helping to support Sporcle. Thank you for becoming a member.

You're not logged in!

Compare scores with friends on all Sporcle quizzes.
OR
Log In

Show Comments

Extras

Top Quizzes Today


Score Distribution

Your Account Isn't Verified!

In order to create a playlist on Sporcle, you need to verify the email address you used during registration. Go to your Sporcle Settings to finish the process.

Report this User

Report this user for behavior that violates our Community Guidelines.

Details: